01425nam a2200289Ia 4500001001200000003000800012006001900020007001500039008004100054020001800095040002100113035002100134050002300155245023100178260006200409300002300471504004100494533015200535650005400687650005500741650006000796655002900856710009000885710001700975856012600992999001701118ebr10267565CaPaEBRm u cr cn|||||||||960314s2008 dcua sb f000 0 eng d z9780309127103 aCaPaEBRcCaPaEBR a(OCoLC)31084915114aQC903b.E26 2008eb00aEcological impacts of climate changeh[electronic resource] /cCommittee on Ecological Impacts of Climate Change, Board on Life Sciences, Division on Earth and Life Studies, National Research Council of the National Academies. aWashington, D.C. :bThe National Academies Press,cc2008. axii, 57 p. :bill. aIncludes bibliographical references. aElectronic reproduction.bPalo Alto, Calif. :cebrary,d2009.nAvailable via World Wide Web.nAccess may be limited to ebrary affiliated libraries. 0aAquatic ecologyxClimatic factorszUnited States. 0aClimatic changesxEconomic aspectszUnited States. 0aClimatic changesxEnvironmental aspectszUnited States. 7aElectronic books.2local2 aNational Research Council (U.S.).bCommittee on Ecological Impacts of Climate Change.2 aebrary, Inc.40uhttp://site.ebrary.com/lib/rucke/Doc?id=10267565zAn electronic book accessible through the World Wide Web; click to view c23643d23643